[Event "CZE-ch U16 Girls"]
[Site "Kouty nad Desnou"]
[Date "2013.03.14"]
[Round "7"]
[White "Stranska, Kamila"]
[Black "Mackova, Veronika"]
[Result "1/2-1/2"]
[WhiteElo "1615"]
[BlackElo "1707"]
[PlyCount "91"]
[EventDate "2013.03.09"]
[EventType "swiss"]
[EventRounds "9"]
[EventCountry "CZE"]
[SourceTitle "EXT 2015"]
[Source "ChessBase"]
[SourceDate "2014.11.20"]
[SourceVersion "1"]
[SourceVersionDate "2014.11.20"]
[SourceQuality "1"]

1. e4 e5 2. Nf3 Nf6 3. Nc3 Bb4 4. Nd5 Nxd5 5. exd5 0-0 6. Bc4 d6 7. h3 c6 8. 0-0 Nd7 9. dxc6 bxc6 10. c3 Ba5 11. d4 d5 12. Be2 e4 13. Nh2 Nf6 14. Bf4 Bc7 15. Qd2 Bf5 16. f3 Bg6 17. Rfe1 Re8 18. Nf1 Rb8 19. b3 Bxf4 20. Qxf4 Nh5 21. Qd2 f5 22. fxe4 dxe4 23. Bxh5 Bxh5 24. Ng3 Bg6 25. Qf4 Rf8 26. Rf1 Qd7 27. Rf2 h6 28. Rd1 Rbe8 29. Re1 Bh7 30. h4 Qd8 31. h5 Qg5 32. Re3 g6 33. hxg6 Bxg6 34. Nf1 Qxf4 35. Rxf4 Kg7 36. Kf2 Bh5 37. Rg3+ Kf6 38. Ke3 Rh8 39. Rh3 Rb8 40. Nd2 Rhe8 41. Nc4 Red8 42. Rh1 c5 43. Rhf1 cxd4+ 44. cxd4 Rd5 45. Rxe4 Rbd8 46. Ref4 1/2-1/2

[Event "CZE-ch U16 Girls"]
[Site "Kouty nad Desnou"]
[Date "2013.03.12"]
[Round "5"]
[White "Suchomelova, Simona"]
[Black "Stranska, Kamila"]
[Result "1-0"]
[WhiteElo "1749"]
[BlackElo "1615"]
[PlyCount "47"]
[EventDate "2013.03.09"]
[EventType "swiss"]
[EventRounds "9"]
[EventCountry "CZE"]
[SourceTitle "EXT 2015"]
[Source "ChessBase"]
[SourceDate "2014.11.20"]
[SourceVersion "1"]
[SourceVersionDate "2014.11.20"]
[SourceQuality "1"]

1. d4 Nf6 2. c4 g6 3. Nf3 d6 4. g3 Bg7 5. Bg2 0-0 6. 0-0 Nbd7 7. Nc3 c5 8. e4 Nb6 9. b3 cxd4 10. Nxd4 Nfd7 11. Be3 Nc5 12. Qc2 Bd7 13. h3 Ne6 14. Nde2 Bc6 15. Rad1 Qc7 16. Nd5 Bxd5 17. exd5 Nc5 18. Bd4 Nbd7 19. Bxg7 Kxg7 20. Nd4 a6 21. Rfe1 Nf6 22. b4 Ncd7 23. Rxe7 Rac8 24. Ne6+ 1-0

[Event "Czech Fed-ch U16"]
[Site "Hrdonov"]
[Date "2012.10.23"]
[Round "5"]
[White "Simon, Lukas"]
[Black "Stranska, Kamila"]
[Result "1-0"]
[WhiteElo "1573"]
[BlackElo "1627"]
[PlyCount "145"]
[EventDate "2012.10.20"]
[EventType "swiss"]
[EventRounds "9"]
[EventCountry "CZE"]
[SourceTitle "CBM 151 Extra"]
[Source "ChessBase"]
[SourceDate "2012.12.18"]
[SourceVersion "1"]
[SourceVersionDate "2012.12.18"]
[SourceQuality "1"]

1. d4 Nf6 2. c4 g6 3. Nc3 d6 4. Nf3 Bg7 5. Bf4 0-0 6. e3 Bf5 7. Bd3 Bxd3 8. Qxd3 Nbd7 9. 0-0 c5 10. d5 Nh5 11. Bg3 Nxg3 12. hxg3 Qa5 13. Rfc1 Ne5 14. Nxe5 Bxe5 15. f4 Bg7 16. a3 Rfc8 17. Rc2 a6 18. Ne4 b5 19. Rb1 b4 20. axb4 Qxb4 21. b3 a5 22. Ra2 Rcb8 23. Ra4 Qb6 24. Kf2 Qc7 25. Nd2 Rb4 26. Kf3 Rab8 27. Qc2 R8b7 28. Ke2 Rb8 29. Qa2 Rxa4 30. bxa4 Bc3 31. Rxb8+ Qxb8 32. Qb3 Qb4 33. Qxb4 Bxb4 34. Nb3 Kg7 35. e4 Kf6 36. Kf3 e6 37. Nc1 exd5 38. exd5 h6 39. g4 Bc3 40. Ne2 Bb2 41. Ng3 Ke7 42. Ne4 Bd4 43. g5 h5 44. g4 hxg4+ 45. Kxg4 Bb2 46. Ng3 Bd4 47. f5 Be5 48. Ne2 Kd7 49. Nc1 Ke7 50. Nd3 Bh2 51. Ne1 Be5 52. Nf3 gxf5+ 53. Kxf5 Bg7 54. Nh4 Bd4 55. Kg4 Be5 56. Kf5 Bd4 57. Nf3 Bg7 58. Nh4 Bd4 59. g6 fxg6+ 60. Kxg6 Bc3 61. Nf5+ Kd7 62. Kf7 Be5 63. Nh4 Bg3 64. Ng6 Bh2 65. Nf8+ Kd8 66. Ke6 Kc7 67. Nd7 Bf4 68. Nf6 Kd8 69. Ne4 Kc7 70. Nc3 Be5 71. Nb5+ Kb7 72. Nxd6+ Bxd6 73. Kxd6 1-0

[Event "Teplice op 6th"]
[Site "Teplice"]
[Date "2011.06.17"]
[Round "7"]
[White "Stranska, Kamila"]
[Black "Zwardon, Vojtech"]
[Result "0-1"]
[WhiteElo "1539"]
[BlackElo "2253"]
[PlyCount "50"]
[EventDate "2011.06.11"]
[EventType "swiss"]
[EventRounds "9"]
[EventCountry "CZE"]
[SourceTitle "CBM 142 Extra"]
[Source "ChessBase"]
[SourceDate "2011.06.27"]
[SourceVersion "1"]
[SourceVersionDate "2011.06.27"]
[SourceQuality "1"]

1. e4 c5 2. Nc3 e6 3. f4 d5 4. exd5 exd5 5. d4 Nf6 6. Nf3 c4 7. g3 Bb4 8. Bd2 0-0 9. Bg2 Re8+ 10. Ne5 Nc6 11. Be3 Ng4 12. Nxg4 Bxg4 13. Qd2 Bxc3 14. bxc3 Bf5 15. Kf2 Qa5 16. Rhb1 Re7 17. Re1 Rae8 18. Bf3 a6 19. g4 Be4 20. f5 Bxf3 21. Kxf3 Re4 22. h3 Qa3 23. Bf4 Nxd4+ 24. Kg3 Ne2+ 25. Kf3 Nxc3 0-1

[Event "Teplice op 6th"]
[Site "Teplice"]
[Date "2011.06.11"]
[Round "1"]
[White "Stranska, Kamila"]
[Black "Vrchotka, Josef"]
[Result "0-1"]
[WhiteElo "1539"]
[BlackElo "2017"]
[PlyCount "68"]
[EventDate "2011.06.11"]
[EventType "swiss"]
[EventRounds "9"]
[EventCountry "CZE"]
[SourceTitle "CBM 142 Extra"]
[Source "ChessBase"]
[SourceDate "2011.06.27"]
[SourceVersion "1"]
[SourceVersionDate "2011.06.27"]
[SourceQuality "1"]

1. e4 c6 2. d4 d5 3. e5 Bf5 4. Bd3 Bxd3 5. Qxd3 e6 6. Nf3 Qb6 7. Nbd2 c5 8. c3 Nc6 9. 0-0 cxd4 10. cxd4 Nge7 11. Nb3 Nf5 12. Rd1 Be7 13. Be3 0-0 14. Rac1 Rac8 15. g4 Nb4 16. Qd2 Nxe3 17. Qxe3 Nxa2 18. Rb1 Nb4 19. h4 Qb5 20. Nbd2 a5 21. Kg2 Rc2 22. Ng5 Qd3 23. Qf4 Qe2 24. Ngf3 Nd3 25. Qg3 Nxb2 26. Re1 Qa6 27. h5 Bb4 28. Qf4 Nd3 29. Qg5 Nxe1+ 30. Rxe1 h6 31. Qf4 Qd3 32. Rd1 Bxd2 33. Nxd2 Qe2 34. Qf3 Rxd2 0-1

[Event "Teplice op 5th"]
[Site "Teplice"]
[Date "2010.06.18"]
[Round "7"]
[White "Krehla, Milan"]
[Black "Stranska, Kamila"]
[Result "1-0"]
[WhiteElo "1823"]
[BlackElo "1547"]
[PlyCount "97"]
[EventDate "2010.06.12"]
[EventType "swiss"]
[EventRounds "9"]
[EventCountry "CZE"]
[SourceTitle "CBM 136 Extra"]
[Source "ChessBase"]
[SourceDate "2010.07.02"]
[SourceVersion "2"]
[SourceVersionDate "2010.07.15"]
[SourceQuality "1"]

1. Nf3 d5 2. d4 Nf6 3. Nc3 Nc6 4. Bg5 Bg4 5. e3 e5 6. Bxf6 gxf6 7. dxe5 Bb4 8. Qd3 fxe5 9. Nd2 Bxc3 10. bxc3 a6 11. c4 Be6 12. Be2 Qd7 13. Rb1 b6 14. a4 0-0 15. cxd5 Qxd5 16. Qc3 f5 17. Rd1 Qc5 18. Qxc5 bxc5 19. 0-0 Nb4 20. c3 Nd5 21. Bc4 Rfe8 22. Rc1 c6 23. Nb3 Nb6 24. Bxe6+ Rxe6 25. Nxc5 Rd6 26. Rfd1 Rad8 27. Rxd6 Rxd6 28. c4 Rd2 29. Kf1 f4 30. a5 Nc8 31. Nxa6 Ra2 32. Nb4 Rxa5 33. c5 Ne7 34. exf4 exf4 35. Rc4 f3 36. gxf3 Kf7 37. Ke2 Ra3 38. Rh4 Kg6 39. Rg4+ Kf6 40. h4 Ra5 41. Rf4+ Kg7 42. Re4 Ra7 43. Re6 Rc7 44. Kd3 Kf7 45. Rd6 Rc8 46. Ke4 Rc7 47. h5 Rc8 48. f4 Rc7 49. f5 1-0

[Event "Teplice op 5th"]
[Site "Teplice"]
[Date "2010.06.17"]
[Round "6"]
[White "Stranska, Kamila"]
[Black "Smolik, Boris"]
[Result "1/2-1/2"]
[WhiteElo "1547"]
[BlackElo "1843"]
[PlyCount "60"]
[EventDate "2010.06.12"]
[EventType "swiss"]
[EventRounds "9"]
[EventCountry "CZE"]
[SourceTitle "CBM 136 Extra"]
[Source "ChessBase"]
[SourceDate "2010.07.02"]
[SourceVersion "2"]
[SourceVersionDate "2010.07.15"]
[SourceQuality "1"]

1. e4 b6 2. d4 e6 3. Nc3 Bb7 4. Nf3 g6 5. Be2 Bg7 6. 0-0 Ne7 7. Re1 0-0 8. Be3 d6 9. Qd2 Nd7 10. Bh6 d5 11. Bxg7 Kxg7 12. e5 c5 13. Bb5 Nf5 14. Ne2 Rc8 15. c3 Nb8 16. Bd3 cxd4 17. cxd4 Nh4 18. Qf4 Nxf3+ 19. Qxf3 Ba6 20. Bxa6 Nxa6 21. a3 Qd7 22. Nc3 Nb8 23. Red1 Nc6 24. Rd3 Ne7 25. Ne2 Rc6 26. Rc3 Rfc8 27. Rac1 Rxc3 28. Rxc3 Rxc3 29. Nxc3 Nf5 30. Qd3 h5 1/2-1/2

[Event "CZE-ch U14 Girls"]
[Site "Kouty nad Desnou"]
[Date "2010.03.09"]
[Round "5"]
[White "Rojikova, Lenka"]
[Black "Stranska, Kamila"]
[Result "1/2-1/2"]
[WhiteElo "1381"]
[BlackElo "1547"]
[PlyCount "51"]
[EventDate "2010.03.06"]
[EventType "swiss"]
[EventRounds "9"]
[EventCountry "CZE"]
[SourceTitle "EXT 2012"]
[Source "ChessBase"]
[SourceDate "2011.11.24"]
[SourceVersion "1"]
[SourceVersionDate "2011.11.24"]
[SourceQuality "1"]

1. d4 d5 2. c4 c6 3. Nc3 Nf6 4. Nf3 Bg4 5. e3 e6 6. h3 Bh5 7. Bd2 Nbd7 8. Rc1 Be7 9. cxd5 exd5 10. Qc2 Bg6 11. Bd3 Bxd3 12. Qxd3 0-0 13. 0-0 Bd6 14. Qf5 Qe7 15. a3 Qe6 16. Qxe6 fxe6 17. b4 Nb6 18. Rc2 Nc4 19. Ra1 a5 20. Rca2 axb4 21. axb4 Rxa2 22. Rxa2 Bxb4 23. Nxd5 exd5 24. Bxb4 Rc8 25. Ra7 b6 26. Kf1 1/2-1/2

[Event "CZE-ch U14 Girls"]
[Site "Kouty nad Desnou"]
[Date "2010.03.07"]
[Round "2"]
[White "Stranska, Kamila"]
[Black "Luzikova, Nicola"]
[Result "0-1"]
[WhiteElo "1547"]
[BlackElo "1759"]
[PlyCount "104"]
[EventDate "2010.03.06"]
[EventType "swiss"]
[EventRounds "9"]
[EventCountry "CZE"]
[SourceTitle "EXT 2012"]
[Source "ChessBase"]
[SourceDate "2011.11.24"]
[SourceVersion "1"]
[SourceVersionDate "2011.11.24"]
[SourceQuality "1"]

1. e4 d5 2. exd5 Nf6 3. d4 Nxd5 4. c4 Nb6 5. Nf3 Bg4 6. Nc3 e6 7. Be3 Be7 8. Be2 0-0 9. 0-0 c6 10. c5 Nd5 11. Rb1 Nxe3 12. fxe3 Nd7 13. Ne4 Nf6 14. Nc3 Qc7 15. Ne5 Bxe2 16. Qxe2 Bxc5 17. Rbd1 Bd6 18. Nf3 Rad8 19. g3 Rfe8 20. Qc2 h6 21. e4 Bb4 22. e5 Nd5 23. Nxd5 Rxd5 24. Rd3 Red8 25. Rfd1 Ba5 26. Kh1 Bb6 27. Qc3 Qd7 28. b4 a5 29. a3 Ra8 30. Qb2 Bd8 31. Rb3 axb4 32. axb4 Bb6 33. Rbd3 Rb5 34. Qb3 Qd5 35. Qxd5 Rxd5 36. Rb1 Ra2 37. Kg1 Kf8 38. h3 Ke7 39. Kf1 Rc2 40. Rbd1 Rb2 41. R1d2 Rxb4 42. Kf2 c5 43. Ke3 cxd4+ 44. Nxd4 Rbxd4 45. Rxd4 Rxd4 46. Rxd4 Bxd4+ 47. Kxd4 f6 48. exf6+ gxf6 49. Kc5 e5 50. Kd5 b5 51. Kc5 e4 52. Kd4 f5 0-1

[Event "CZE Czechia-ch U14"]
[Site "Harrachov"]
[Date "2009.10.29"]
[Round "7"]
[White "Stranska, Kamila"]
[Black "Liduch, Filip"]
[Result "0-1"]
[WhiteElo "1547"]
[BlackElo "1570"]
[PlyCount "90"]
[EventDate "2009.10.24"]
[EventType "swiss"]
[EventRounds "9"]
[EventCountry "CZE"]
[SourceTitle "EXT 2012"]
[Source "ChessBase"]
[SourceDate "2011.11.24"]
[SourceVersion "1"]
[SourceVersionDate "2011.11.24"]
[SourceQuality "1"]

1. e4 e5 2. Nf3 Nc6 3. d4 exd4 4. Nxd4 Qh4 5. Qd3 Nf6 6. Nc3 Bb4 7. Bd2 Bxc3 8. Bxc3 Qxe4+ 9. Qxe4+ Nxe4 10. Nxc6 Nxc3 11. Nxa7 Rxa7 12. bxc3 d5 13. Bd3 0-0 14. 0-0 Re8 15. Rfd1 c6 16. Kf1 Be6 17. a3 Rea8 18. Rdb1 g6 19. a4 b5 20. Rb4 Rxa4 21. Rab1 Ra1 22. Ke1 Kg7 23. Kd2 Rxb1 24. Rxb1 Kf6 25. Rb4 Ra4 26. Ke3 Bf5 27. f3 h5 28. g3 Ke6 29. h4 f6 30. Kf4 c5 31. Bxb5 cxb4 32. Bxa4 bxc3 33. Ke3 Bh3 34. Bb5 Bf5 35. Bd3 Bxd3 36. Kxd3 g5 37. Ke3 Ke5 38. f4+ gxf4+ 39. gxf4+ Kf5 40. Kf3 d4 41. Ke2 Kxf4 42. Kd3 Ke5 43. Ke2 Ke4 44. Kf2 d3 45. cxd3+ Kxd3 0-1